Las especies de plantas descritas por R. A. Philippi en el siglo XIX: estudio crítico en la identificación de sus tipos nomenclaturales

保存先:
書誌詳細
第一著者: Muñoz Pizarro, Carlos (autor)
フォーマット: 図書
言語:スペイン語
出版事項: Santiago, Chile Universidad de Chile 1960
主題:
タグ: タグ追加
タグなし, このレコードへの初めてのタグを付けませんか!

MARC

LEADER 00000nam a2200000 a 4500
001 UCT1399
003 CL-VaPUC
005 20241107110013.0
008 960927e19600000CL |||||||||||||||||spa|d
999 |c 251931  |d 251929 
040 |c Pontificia Universidad Católica de Valparaíso 
082 0 4 |a 581 MUÑ 1960  |2 21 
100 |a Muñoz Pizarro, Carlos  |e autor  |9 302631 
245 1 4 |a Las especies de plantas descritas por R. A. Philippi en el siglo XIX: estudio crítico en la identificación de sus tipos nomenclaturales 
260 0 3 |a Santiago, Chile  |b Universidad de Chile  |c 1960 
300 |a 189 páginas 
583 |a last modification  |c 19960927 00:00:00  |k Rodrigo Vera 
650 0 |a Botánica  |9 264202 
650 0 |a Vegetación  |9 264748 
650 0 |a Biología  |9 262022 
650 0 |a Bioquímica vegetal  |9 264262 
650 0 |a Plantas  |9 264555 
650 0 |a Taxonomia  |9 341054 
942 |c BK  |2 ddc 
945 |d 19960927 00:00:00  |a cmena 
952 |0 0  |1 0  |2 ddc  |4 0  |6 581_000000000000000_MUÑ_1960  |7 0  |8 A  |9 271451  |a BIBCUR  |b BIBCUR  |d 2019-11-19  |i 1751964  |o 581 MUÑ 1960  |p 1751964  |r 2025-04-22  |t 1  |w 2019-11-19  |y BK  |k BCB 
952 |0 0  |1 0  |2 ddc  |4 0  |6 581_000000000000000_MUÑ_1960  |7 0  |8 A  |9 271452  |a BIBCUR  |b BIBCUR  |d 2019-11-19  |i 2083302  |o 581 MUÑ 1960  |p 2083302  |r 2025-04-22  |t 2  |w 2019-11-19  |y BK  |k BIO